000 00587nam a2200193Ia 4500
008 240729s9999 xx 000 0 und d
022 _a2455-8559
245 0 _aTelangana Journal of Psychiatry
260 _aIndia
260 _bWolters Kluwer Medknow Publications
650 _a Internal medicine
650 _a Neurology. Diseases of the nervous system
650 _a Neurosciences. Biological psychiatry. Neuropsychiatry
650 _a Psychiatry
650 _aMedicine
856 _uhttps://doaj.org/toc/4cbe7b1c7dae43598d7bc635d5ac02c8
942 _2ddc
942 _cDOAJEJ
999 _c73079
_d73079
945 _a1
_bMadushi Gamage
_c1
_dMadushi Gamage